Los trust del exterior desde la perspectiva de los tributos nacionales. Segunda parte (Registro nro. 35888)

Detalles MARC
000 -LEADER
fixed length control field 00359 a2200109 4500
001 - CONTROL NUMBER
control field ART_60088
005 - DATE AND TIME OF LATEST TRANSACTION
control field 20260410162052.0
008 - FIXED-LENGTH DATA ELEMENTS--GENERAL INFORMATION
fixed length control field 260409a
100 1# - MAIN ENTRY--PERSONAL NAME
Personal name Mastandrea, Alberto F.
245 10 - TITLE STATEMENT
Title Los trust del exterior desde la perspectiva de los tributos nacionales. Segunda parte
773 0# - HOST ITEM ENTRY
Title Impuestos
Related parts - N° 163 (ene. 2024)
Record control number REV45175

No hay ítems disponibles.